Some application of information theory

Krátky prehľad aplikácie metód štatistickej teórie informácií v marketingových modeloch.

Salvato in:
Dettagli Bibliografici
Autore principale: Škrovánková, Lea, 1954-
Altri autori: Peller, František
Natura: Capitolo di libro
Lingua:inglese
Soggetti:
Tags: Aggiungi Tag
Nessun Tag, puoi essere il primo ad aggiungerne!!

MARC

LEADER 00000naa a2200000 4500
001 0172157
005 20240502072943.2
041 0 |a eng 
044 |a SK 
245 1 0 |a Some application of information theory  |c Lea Škrovánková, František Peller 
520 |a Krátky prehľad aplikácie metód štatistickej teórie informácií v marketingových modeloch. 
610 2 0 |a teória informácií 
610 2 0 |a výskum operačný 
610 2 0 |a marketing 
610 2 0 |a teória hier 
100 1 |a Škrovánková, Lea, 1954- 
700 1 |a Peller, František